Shiksha tattva adhyayan (Record no. 1903)

MARC details
000 -LEADER
fixed length control field 00504cam a2200205ua 4500
008 - FIXED-LENGTH DATA ELEMENTS--GENERAL INFORMATION
fixed length control field 141126n ii |||gr||||Z||||||asm
020 ## - INTERNATIONAL STANDARD BOOK NUMBER
International Standard Book Number 978-81-7331-070-6
040 ## - CATALOGING SOURCE
Transcribing agency MAIN
041 ## - LANGUAGE CODE
-- asm
082 ## - DEWEY DECIMAL CLASSIFICATION NUMBER
Classification number 370.1
100 ## - MAIN ENTRY--PERSONAL NAME
Personal name Baruah, Jatin,
Relator term
245 ## - TITLE STATEMENT
Title Shiksha tattva adhyayan
Statement of responsibility, etc. by Jatin Baruah
250 ## - EDITION STATEMENT
Edition statement 12th.
260 ## - PUBLICATION, DISTRIBUTION, ETC.
Place of publication, distribution, etc. Guahati:
Name of publisher, distributor, etc. Lawyers book stall,
Date of publication, distribution, etc. 2008.
300 ## - PHYSICAL DESCRIPTION
Extent 468p:
Dimensions 23cm.
942 ## - ADDED ENTRY ELEMENTS (KOHA)
Koha item type Books
653 ## - INDEX TERM--UNCONTROLLED
Uncontrolled term Education
653 ## - INDEX TERM--UNCONTROLLED
Uncontrolled term Shiksha tattva adhyayan
Holdings
Withdrawn status Lost status Damaged status Not for loan Home library Current library Shelving location Date acquired Total Checkouts Full call number Barcode Date last seen Copy number Price effective from Koha item type Date last checked out
        Central Library, Naharkatiya College Central Library, Naharkatiya College General Stacks 19/09/2020   370.1 | BAR 18451 19/09/2020 2 19/09/2020 Books  
        Central Library, Naharkatiya College Central Library, Naharkatiya College General Stacks 19/09/2020 1 370.1 | BAR 19484 14/11/2023 1 19/09/2020 Books 01/11/2023
        Central Library, Naharkatiya College Central Library, Naharkatiya College General Stacks 19/09/2020 1 370.1 | BAR 19485 30/10/2023 4 19/09/2020 Books 19/10/2023
        Central Library, Naharkatiya College Central Library, Naharkatiya College General Stacks 19/09/2020 1 370.1 | BAR 19486 28/10/2023 3 19/09/2020 Books 19/10/2023

Naharkatiya College © 2020. All rights reserved.

Powered By